000 01274cam a2200133 4500500
005 20251214005327.0
041 _afre
042 _adc
100 1 0 _aChaudey, Magali
_eauthor
245 0 0 _aAnalyse économique de la firme
260 _bArmand Colin,
_c2014.
520 _aL’analyse économique de la firme a connu des développements majeurs depuis ces trente dernières années. Cette analyse renvoie à plusieurs questions : la définition de la firme et de ses spécificités, les raisons de l’existence de la firme, ses frontières ou son mode d’organisation interne.Dans un cadre théorique contractuel, la firme peut se définir comme un mode de coordination alternatif au marché et hiérarchisé (théorie des coûts de transaction) ou un « nœud de contrats » (théories des droits de propriété, des contrats incomplets et de l’agence). Les approches non-contractuelles de la firme – représentées par les théories béhavioriste, évolutionniste et des conventions – privilégient une représentation cognitive et dynamique de la firme via l’introduction des concepts de règles, de routines et de conventions.
856 4 1 _uhttps://shs.cairn.info/analyse-economique-de-la-firme--9782200291204?lang=fr&redirect-ssocas=7080
999 _c1568778
_d1568778